Accesse 2 Power Programming

Αποθηκεύτηκε σε:
Λεπτομέρειες βιβλιογραφικής εγγραφής
Συγγραφή απο Οργανισμό/Αρχή: Que Corporation
Άλλοι συγγραφείς: St. Valentine, Chris
Μορφή: Βιβλίο
Γλώσσα:English
Δημοσίευση: Indianapolis : Que , c1994.
Θέματα:
Ετικέτες: Προσθήκη ετικέτας
Δεν υπάρχουν, Καταχωρήστε ετικέτα πρώτοι!

MARC

LEADER 00000cam a2200000 i 4500
001 1/52235
008 950929s1994 inu| ||| |||| ||eng||
020 |a 1565297636 
035 |1 ΕΛΗ  |a 1996  |b 0108  |c Βιβλιοθήκη  |l 10044369 
040 |a GR-MyUa  |b gre  |e AACR2 
041 0 |a eng 
082 7 |a 005.7565   |2 (22) 
110 2 |a Que Corporation. 
245 1 0 |a Accesse 2 Power Programming /   |c Chris St. Valentine. 
260 |a Indianapolis :   |b Que ,   |c c1994. 
300 |a 735 σ. :   |b εικ. ;   |c 23 εκ. +   |e 1 computer disk (3 1/2 ίν.) 
500 |a Περιλαμβάνει ευρετήριο. 
630 0 0 |a Microsoft Access. 
650 0 |a Database management. 
700 1 |a St. Valentine, Chris. 
852 |a INST  |b SAMOS  |e 19950929  |h 005.7565 VAL  |p 005300009483  |q 005300009483  |t BK  |y 0